Rings and things and a fine array of twentieth century associative algebra /

Guardado en:
Autor Principal: Faith, Carl Clifton, 1927-
Formato: Libro
Idioma:English
Publicado: Providence, R.I. : American Mathmatical Society, c1999.
Series:Mathematical surveys and monographs ; no. 65.
Etiquetas: Agregar Etiqueta
Sin Etiquetas, Sea el primero en etiquetar este registro!
LEADER 00777nam a22001935a 4500
001 MAT.inmabb000216
008 980804s1999####riu######b####001#0#eng##
005 20130218104503.0
245 1 0 |a Rings and things and a fine array of twentieth century associative algebra /  |c Carl Faith. 
260 |a Providence, R.I. :  |b American Mathmatical Society,  |c c1999. 
300 |a xxxii, 422 p. ;  |c 26 cm. 
490 1 |a Mathematical surveys and monographs,  |x 0076-5376 ;  |v v. 65 
504 |a Includes bibliographical references (p. 325-385) and indexes. 
510 4 |a MR,  |c 99j:01015 
020 |a 0821809938 
100 1 |a Faith, Carl Clifton,  |d 1927- 
830 0 |a Mathematical surveys and monographs ;  |v no. 65. 
084 |a 01A60 (01A70 13-03 16-03)  |2 msc2000 
859 |h 01A60  |i F174  |p A-7936  |b BIB. MATEMATICA